000 00687nam a2200289Ia 4500
005 20260324135904.0
008 008 260324s9999 xx 000 0 eng d
020 _a9780203130001
037 _aEBOOK
040 _aCRL
040 _beng
040 _cCRL
041 _2eng
041 _aeng
084 _qCRL
100 _aDavid Webb; Robert Harris
_91202301
245 0 _aMentally Disordered Offenders
245 0 _bManaging People Nobody Owns
260 _bTaylor and Francis
260 _c1999
365 _a
365 _b190
856 _uhttp://www.taylorfrancis.com/books/9780203130001
942 _cEBOOK
999 _c1803837
_d1803837